Quiz The Vampire Diaries, saison 5 - Statistiques

Statistiques générales
  • Ce quiz a été pris 76 fois
  • Le résultat moyen est 20 sur 29
Statistiques - réponses
Question Réponse % Correct
Qui est le sosie de Stefan ? Qu'est-il ? Silas, un sorcier
100%
Qui est Nadia ? Katherine a quel pouvoir en tant qu'humaine/voyageuse ? La fille de Katherine, un vampire et elles ont le pouvoir de prendre un autre corps
95%
Qui devient l'ancre ? En quoi consiste-t-elle ? Et quelle est la conséquence ? Bonnie / elle voit les êtres surnaturels morts et sert à passer de l'autre côté / elle souffre la mort des autres
91%
Qui est Luke Parker ? Le frère de Liv
89%
Qui est Enzo ? Combien de temps Damon et lui ont-ils passé en prison dans les années 50 ? Un vampire, Enzo y était déjà, 5 ans passés ensemble
89%
Katherine prend le corps de... Elena
86%
Qui a tué les parents d'Aaron ? Pourquoi ? Damon, pour se venger
84%
Qui est Liv Parker ? Une sorcière de l'université
84%
Que se passe-t-il avec Katherine à sa mort ? Elle est prise par les ténèbres
81%
Avec qui Caroline a-t-elle couché ? (dans la saison 5) Klaus
81%
En quoi consiste le poison injecté à Damon par Maxfield ? Ça oblige les vampires à se nourrir d'autres vampires
80%
Qui tue Aaron ? Damon, Enzo
80%
Qui a été capturé par les voyageurs ? Elena et Stefan
78%
Qui tue Enzo ? Stefan
77%
Qui va à l'université ? (épisode 1) Elena, Caroline
75%
Qui est la coloc des filles ? Et qui l'a tuée ? Megan, c'est Enzo, le vampire de l'Augustine
75%
Qui a mis une barrière magique à Elena ? Liv
69%
Qui meurt et revient à la vie ? Enzo, Tyler, Stefan, Elena, Luke, Alaric
66%
Cite les 4 doubles Petrova dans l'ordre. Amara, Tatia, Katherine, Elena
64%
Qui enfonce le poignard des voyageurs pour faire sortir Katherine du corps d'Elena ? Stefan
63%
Qui tue Maggie ? Damon
56%
Nadia a été mordue par : Tyler
56%
Qui a pris possession du corps de Tyler ? Julian
53%
Qui a le remède pour Elena et Damon ? Les voyageurs
53%
Quel virus a Elena à cause de Katherine ? Le même que Damon mais en plus il y a le venin de loup
52%
A cause de qui Stefan et Elena ont-ils ces rêves de couple ? Marcos
52%
Quand Damon est dans la cave, qui attaque-t-il ? Tyler
50%
Tyler est redevenu quelle créature ? Il est redevenu humain
41%
Qui repêche Stefan ? Le gars de la cabane
30%
Aucun quiz correspondant
Distribution des résultats
% des personnes avec chaque résultat
Percentile par nombre de réponses
Votre historique - résultats
Vous n’avez pas pris ce quiz